000 00468nam a22001937a 4500
003 MPLRDC
005 20220104161904.0
008 210129b ||||| |||| 00| 0 eng d
020 _a986-82431-6-3
082 _a857.7 RXM
100 _a饶雪漫
245 _a左耳
_c
250 _a初版
260 _a台湾
_b意识文学有限公司
_c2006
300 _b309
490 _a谈.恋爱. 006
650 _a中国文学--长篇小说
942 _cBK
_o857.7 RXM
999 _c55705
_d55695